000 00515nam a2200181 i 4500
001 bgj
100 1 _aGUTHRIE, Alfred Bertram
_d(1901- ).
245 1 0 _aArfive /
_cA. B. Guthrie, Jr.
260 _aToronto etc. :
_bA Bantam Book,
_c1973.
300 _a247 pp ;
_c18 cm.
501 _aPublished by an arrangment with Houghton Mifflin Company.
505 _aBantam Pathfinder Edition.
650 9 _aWestern stories
040 _cBPK
041 0 _aeng
942 _cKS
008 s uk f |000 0 eng
999 _c48379
_d48379
856 _uhttp://koha.tu.koszalin.pl/cgi-bin/koha/opac-detail.pl?biblionumber=48379
_yKatalog online BPK